Quizz Scorpions - Statistiques

Statistiques générales
  • Ce quiz a été pris 62 fois
  • Le résultat moyen est 9 sur 17
Statistiques - réponses
Question Réponse % Correct
Comment s'appelle le chanteur du groupe ? Klaus Meine
100%
D'ailleurs, quel est le nom du titre chanté en allemand qui figure sur cet album ? Du Bist So Schmutzig
88%
Quel bassiste fut un pilier du groupe de 1973 à 1992 ? Francis Buchholz
76%
Quelle chanson figurant sur Lovedrive possède un improbable feeling reggae ? Is There Anybody There ?
76%
Sur une ballade du groupe, on peut entendre des voix féminines provenant d'un peu partout dans le monde prononcer quelques mots doux dans leur langue. Quelle est cette ballade ? Born to Touch your Feelings
65%
D'ailleurs, quel était cet orchestre accompagnant Scorpions pour Moment of Glory ? Orchestre philharmonique de Berlin
65%
Comment s'appelle la communauté francophone de fans du groupe ? Crazyscorps
53%
Sur quel titre peut-on entendre la voix fluette de Rudolf Schenker en 1980 ? Hey you
47%
Sur laquelle de ces pochettes le logo emblématique de Scorpions n'apparaît-il pas ? Humanity : Hour 1
47%
Quel pays n'a PAS servi de lieu d'enregistrement pour le World Wide Live ? Japon
47%
De quel pays est originaire le batteur Rudy Lenners recruté en 1975 ? Belgique
41%
En 1999, l'album Eye II Eye est un flop total qui manque de dissoudre le groupe. Pourtant, dans un pays plutôt improbable, l'album obtiendra un large succès... Quel est ce pays ? Malaisie
41%
En quelle année sort le célèbre album Crazy World ? 1990
35%
En 1972, Scorpions sort son premier album, dans un style encore loin du Hard Rock qu'on lui connaît. Mais quel est ce style ? Krautrock
35%
Qui est Curt Cress ? Un batteur ayant joué sur Pure Instinct
35%
En 1975, Scorpions sort dans l'indifférence générale un single même pas publié sous son propre nom, et contenant deux reprises chantées en allemand. Mais de quel groupe ? Sweet
29%
En 2015 sort Return to Forever. Scorpions a mis le paquet sur les titres bonus... Comment sont-ils répartis ? 4 titres pour l'édition deluxe, 2 titres pour l'édition japonaise, 1 titre exclusif à iTunes
24%
Aucun quiz correspondant
Distribution des résultats
% des personnes avec chaque résultat
Percentile par nombre de réponses
Votre historique - résultats
Vous n’avez pas pris ce quiz